Biblioteca y Centro de Documentación

Legislación sobre tráfico, circulación y seguridad vial (Registro nro. 9642)

Detalles MARC
000 -CABECERA
Longitud fija campo de control 01407nam a2200409 c 4500
001 - NÚMERO DE CONTROL
Número de control 9642
003 - IDENTIFICADOR DE NÚMERO DE CONTROL
Identificador del número de control ES-MaCES
005 - FECHA Y HORA DE LA ÚLTIMA TRANSACCIÓN
Fecha y hora de la última transacción 20141221122027.0
008 - CAMPO FIJO DE DESCRIPCIÓN FIJA--INFORMACIÓN GENERAL
Códigos de información de longitud fija   991104s1999 sp l 000 | spa d
017 ## - NÚMERO DE REGISTRO DE DERECHOS DE AUTOR Y DEPÓSITO LEGAL
Número de copyright o de depósito legal M 29315-1999
Agencia que asigna el número DL
020 ## - ISBN (INTERNATIONAL STANDARD BOOK NUMBER)
Número Internacional Normalizado para Libros (ISBN) 8447012905
035 ## - NÚMERO DE CONTROL DEL SISTEMA
Número de control del sistema CES19990016568m
040 ## - FUENTE DE CATALOGACIÓN
Centro catalogador de origen ES-MaCES
Lengua de catalogación spa
Centro transcriptor ES-MaCES
110 1# - ENCABEZAMIENTO PRINCIPAL--NOMBRE CORPORATIVO
Nombre de entidad corporativa o nombre de jurisdicción como elemento inicial España
Título de la obra Leyes, etc., de circulación de vehículos de motor
9 (RLIN) 3077
245 10 - MENCIÓN DE TÍTULO
Título Legislación sobre tráfico, circulación y seguridad vial
Mención de responsabilidad, etc. edición preparada por Estrella Rivera Menor
250 ## - MENCIÓN DE EDICIÓN
Mención de edición 17ª ed. [act. a sept. de 1999]
260 ## - PUBLICACIÓN, DISTRIBUCIÓN, ETC (PIE DE IMPRENTA)
Lugar de publicación, distribución, etc. Madrid
Nombre del editor, distribuidor, etc. Civitas
Fecha de publicación, distribución, etc. 1999
300 ## - DESCRIPCIÓN FÍSICA
Extensión 777 p.
Dimensiones 16 cm
490 1# - MENCIÓN DE SERIE
Mención de serie Biblioteca de legislación
Designación de volumen o secuencia 4
500 ## - NOTA GENERAL
Nota general Índices
541 ## - NOTA DE LA FUENTE INMEDIANTE DE ADQUISICIÓN
Forma de adquisición Compra
650 #4 - ASIENTO SECUNDARIO DE MATERIA--TÉRMINO DE MATERIA
Término de materia o nombre geográfico como elemento inicial circulación
9 (RLIN) 28069
650 #4 - ASIENTO SECUNDARIO DE MATERIA--TÉRMINO DE MATERIA
Término de materia o nombre geográfico como elemento inicial tráfico por carretera
9 (RLIN) 28067
650 #4 - ASIENTO SECUNDARIO DE MATERIA--TÉRMINO DE MATERIA
Término de materia o nombre geográfico como elemento inicial vehículo a motor
9 (RLIN) 28041
650 #4 - ASIENTO SECUNDARIO DE MATERIA--TÉRMINO DE MATERIA
Término de materia o nombre geográfico como elemento inicial seguridad
9 (RLIN) 28751
650 #4 - ASIENTO SECUNDARIO DE MATERIA--TÉRMINO DE MATERIA
Término de materia o nombre geográfico como elemento inicial España
9 (RLIN) 26964
650 #4 - ASIENTO SECUNDARIO DE MATERIA--TÉRMINO DE MATERIA
Término de materia o nombre geográfico como elemento inicial legislación
9 (RLIN) 27153
650 #4 - ASIENTO SECUNDARIO DE MATERIA--TÉRMINO DE MATERIA
Término de materia o nombre geográfico como elemento inicial texto
9 (RLIN) 29624
653 10 - TÉRMINO DE INDEXACIÓN--NO CONTROLADO
Término no controlado Legislación
700 1# - ENCABEZAMIENTO SECUNDARIO--NOMBRE PERSONAL
Nombre de persona Rivera Menor, Estrella
Término indicativo de función ed. lit.
9 (RLIN) 22127
775 0# - ENTRADA DE OTRA EDICIÓN
Título Legislación sobre tráfico, circulación y seguridad vial
Número de control del registro relacionado (ES-MaCES)11278
775 0# - ENTRADA DE OTRA EDICIÓN
Título Legislación sobre tráfico, circulación y seguridad vial
Número de control del registro relacionado (ES-MaCES)8492
830 #0 - ENCABEZAMIENTO SECUNDARIO DE COLECCIÓN--TÍTULO UNIFORME
Título uniforme Biblioteca de legislación
Designación de volumen o secuencia 4
9 (RLIN) 32132
902 ## - CES. TIPO DE DOCUMENTO
Tipodoc (006$c Sirtex) LIB Libro
942 ## - ELEMENTOS KOHA
Fuente de clasificaión o esquema Clasificación propia del CES
Koha [por defecto] tipo de item Monografías
Parte de clasificación 6.1.
Existencias
Número de registro Signatura completa Tipo de item de Koha
032851 DPT-1158 Monografías
© CES, Consejo Económico y Social de España 2021